000 00287nam a22001337a 4500
008 170703b xxu||||| |||| 00| 0 eng d
020 _a9780028649184
041 _aeng
080 _a82
100 _a22
101 _aGJL
245 _aWORLD COMPENDIUM
_cMACMILAN.P
942 _2udc
_cBK
999 _c19840
_d19840